| 000 | 00537nam a2200217 a 4500 | ||
|---|---|---|---|
| 999 |
_c4531 _d4531 |
||
| 001 | 4531 | ||
| 003 | BD-JhCC | ||
| 005 | 20171128122240.0 | ||
| 008 | 171128s1955 enk |||| ||a| 000 0 eng d | ||
| 035 | _a(BD-JhCC)4531 | ||
| 040 |
_aBD-JhCC _dBD-JhCC |
||
| 041 | _aeng | ||
| 082 |
_a907 _bTOY 1955 |
||
| 100 | _aToynbee, Arnold J. | ||
| 245 |
_aA Study of History / _cArnold J. Toynbee |
||
| 260 |
_aLondon : _bOxford University Press, _c1955. |
||
| 300 |
_a782 p. : _c21 cm |
||
| 650 | _aHistory | ||
| 942 |
_2ddc _cBK |
||